Wszystkie BMW seria 1 - Statystyki

Ogólne statystyki
  • Ten quiz został rozwiązany 45 razy
  • Średni wynik to 6 z 8
Statystyki odpowiedzi
Obrazkowy Hint Odpowiedź % Poprawnych
2004-2011 e87
97%
2004-2011 e81
88%
2007-2011 e82
85%
2007-2013 e88
79%
2011-2015 f20
71%
2015-2019 f20
71%
2015-2019 f21
47%
2019- f40
35%
Nie znaleziono quizów pasujących do podanych kryteriów
Rozkład punktacji
Procent ludzi z każdym wynikiem
Percentyl według liczby udzielonych odpowiedzi
Twoja historia wyników
Nie rozwiązałeś tego quizu